000 01015cam a2200217 4500
001 X118052
008 020520n2002 000 0 eng u
035 _a(Sirsi) u118052
100 _aEllen, I G
245 _aTelecommuting and the demand for urban living: a preliminary look at white-collar workers
260 _c2002
490 _aUrban Studies
_v39(4) 2002, 749-766(18)
520 _aTelecommuting is an increasingly viable option for many workers. This American study investigates whether the growing ability to telecommute is altering residential location decisions and leading households to live in smaller, lower density and more remote locations. Speculates about future impacts on residential patterns and urban form. Tables. References. [Taken from journal abstract].
650 _aTELECOMMUTING
650 _aTELEWORKING
650 _aUNITED STATES
650 _aWORKING FROM HOME
690 _aMANAGEMENT-BUSINESS MANAGEMENT-INFORMATION MANAGEMENT
700 _aHempstead, K
942 _n0
999 _c70295
_d70295